000 01432nam a2200265 a 4500
008 120416s1974 ||||||||||||||||| || u
020 _a0903983087
050 _aHC 915 Hei
100 _aHeisler, Helmuth
245 1 0 _aUrbanisation and the Government of migration
246 _athe inter-relation of urban and rural life in Zambia
260 _aLondon
_bC. Hurst
_c1974
300 _axi, 166p. : ill.
350 _a0.00
500 _aIncludes index. -Bibliography: p. 151-160.
650 _aURBANIZATION--ASIA, WESTERN
650 _aURBANIZATION--ZAMBIA
650 _aRURAL-URBAN MIGRATION--ZAMBIA
650 _aWORKING CLASS--ZAMBIA
995 _aANNEX COLLECTION (Main Library)
_D0.00
_e704644
_FCBU-MAIN LIBRARY (Kitwe)
_H1
_I11.50
_jHC 915 Hei
_M1
_UAVAILABLE
_y003192
_ZAnnex Low-Usage Collection
995 _aANNEX COLLECTION (Main Library)
_D0.00
_e707482
_FCBU-MAIN LIBRARY (Kitwe)
_H2
_I11.50
_jHC 915 Hei
_M2
_UAVAILABLE
_y003193
_ZAnnex Low-Usage Collection
995 _aSPECIAL COLLECTIONS
_D0.00
_e703726
_FCBU-MAIN LIBRARY (Kitwe)
_H4
_I11.50
_jZAM HC 915 Hei
_M1
_UAVAILABLE
_y018679
_ZZambiana Collection
995 _aANNEX COLLECTION (Main Library)
_D0.00
_e704475
_FCBU-MAIN LIBRARY (Kitwe)
_H3
_I11.50
_jHC 915 Hei
_M3
_UAVAILABLE
_y003194
_ZAnnex Low-Usage Collection
995 _aMAIN LIBRARY OPEN ACCESS
_D0.00
_e715703
_FCBU-MAIN LIBRARY (Kitwe)
_H5
_I11.50
_jHC 915 Hei
_M5
_UAVAILABLE
_y003191
_ZMain Library Open Access Collection
999 _c78589
_d78589